Ética organizacional Estrategias para el x̌ito /

Detalles Bibliográficos
Autor principal: Rojas Lp̤ez, Miguel David
Formato: eBook
Lenguaje:español
Publicado: Bogot ̀: Ediciones de la U, 2012
Materias:
Acceso en línea:Acceso restringido

MARC

LEADER 00000nam a22000007a 4500
005 2012040209359.0
007 cr|||| ||||
008 120402s2012 co |||||s|||| 00| 0 spa d
020 |a 978-958-762-003-0 
035 |a 6288 
040 |a vLex 
090 |c 3120  |d 3120 
100 1 |a Rojas Lp̤ez, Miguel David 
245 1 0 |a Ética organizacional   |h [Recurso electrn̤ico] :  |b Estrategias para el x̌ito /  |c Miguel David Rojas Lp̤ez 
256 |a Servicio en ln̕ea 
260 |a Bogot ̀:  |b Ediciones de la U,  |c 2012 
300 |a 1 recurso electrn̤ico 
650 0 4 |a Ética empresarial  |z Colombia 
650 0 4 |a Empresas  |x Planificacin̤  |z Colombia 
740 0 |a vLex Libros (Servicio en ln̕ea) 
856 4 0 |u http://vlex.com/source/6288  |z Acceso restringido 
942 |c BOOK 
999 0 |a Business planning 
999 0 |a Business ethics